| 000 | 00679nam a2200193 a 4500 | ||
|---|---|---|---|
| 001 | 000032523 | ||
| 005 | 20200930065702.0 | ||
| 008 | 110718s19uu dr 001 0 spa d | ||
| 040 |
_aDO-SdBNP _bspa _cBNPHU |
||
| 082 |
_a295 _bS714L |
||
| 100 | 1 |
_aSoriani, Oreste _958457 |
|
| 245 | 1 | 3 |
_aLa ley de la naturaleza : _bobra de estudios filosóficos, psíquico y ciencias astrales / _cOreste Soriani. |
| 260 |
_a[s.l. : _bs.n., _c198?]. |
||
| 300 |
_av. ; _c23 cm. |
||
| 590 | _aInventariado, 2018/VM | ||
| 650 | 4 |
_aFilosofía y religiones _xEnsayos, conferencias, etc. _958458 |
|
| 650 | 4 |
_aMazdeísmo _xEnsayos, conferencias, etc. _958459 |
|
| 910 | _aValidado. Control de calidad EMS | ||
| 999 |
_c32014 _d32014 |
||